Normal view
MARC view
- Dewitz, Sandra
Entry Personal Name
001 - CONTROL NUMBER
- control field: 99660
003 - CONTROL NUMBER IDENTIFIER
- control field: NUST
005 - DATE AND TIME OF LATEST TRANSACTION
- control field: 20221010122121.0
008 - FIXED-LENGTH DATA ELEMENTS
- fixed length control field: 221010|| aca||aabn | a|a d
040 ## - CATALOGING SOURCE
- Original cataloging agency: NUST
- Transcribing agency: NUST
100 ## - HEADING--PERSONAL NAME
- Personal name: Dewitz, Sandra
670 ## - SOURCE DATA FOUND
- Source citation: Work cat.: (NUST)174755: Dewitz, Sandra., Systems analysis and design and the transition to objects /, 1996.
